Introducción a la literatura comparada / (Record no. 19216)

MARC details
000 -LEADER
campo de control de longitud fija 00859nam a2200253 i 4500
001 - NÚMERO DE CONTROL
campo de control 19216
003 - IDENTIFICADOR DE NÚMERO DE CONTROL
campo de control ES-MaACL
005 - FECHA Y HORA DE LA ÚLTIMA TRANSACCIÓN
campo de control 20250827232740.0
007 - CAMPO FIJO DE DESCRIPCIÓN FÍSICA--INFORMACIÓN GENERAL
campo de control de longitud fija t|
008 - DATOS DE LONGITUD FIJA--INFORMACIÓN GENERAL
campo de control de longitud fija 020702s2002 sp ||||1| spa d
020 ## - NÚMERO INTERNACIONAL ESTÁNDAR DEL LIBRO
Número Internacional Estándar del Libro 84-8432-314-5
080 ## - NÚMERO DE LA CLASIFICACIÓN DECIMAL UNIVERSAL
Número de la Clasificación Decimal Universal 82.091
245 00 - MENCIÓN DEL TÍTULO
Título Introducción a la literatura comparada /
Mención de responsabilidad, etc. al cuidado de Armando Gnisci ; Franca Sinopoli ... [et al.] ; traducción y adaptación bibliográfica de Luigi Giuliani.
260 ## - PUBLICACIÓN, DISTRIBUCIÓN, ETC.
Lugar de publicación, distribución, etc. Barcelona :
Nombre del editor, distribuidor, etc. Crítica,
Fecha de publicación, distribución, etc. [2002]
300 ## - DESCRIPCIÓN FÍSICA
Extensión 534 p. ;
Dimensiones 23 cm.
490 1# - MENCIÓN DE SERIE
Mención de serie Letras de humanidad
650 17 - PUNTO DE ACCESO ADICIONAL DE MATERIA--TÉRMINO DE MATERIA
Término de materia o nombre geográfico como elemento de entrada Literatura comparada
Fuente del encabezamiento o término embne
9 (RLIN) 14528
700 1# - ENTRADA AGREGADA--NOMBRE PERSONAL
Nombre de persona Gnisci, Armando.
9 (RLIN) 57475
700 1# - ENTRADA AGREGADA--NOMBRE PERSONAL
Nombre de persona Sinopoli, Franca.
9 (RLIN) 106648
700 1# - ENTRADA AGREGADA--NOMBRE PERSONAL
Nombre de persona Giuliani, Luigi.
9 (RLIN) 57362
830 00 - PUNTO DE ACCESO ADICIONAL DE SERIE-TÍTULO UNIFORME
Título uniforme Letras de humanidad (Crítica)
9 (RLIN) 180478
852 ## - LOCALIZACIÓN
Ubicación ES-MaACL
Número de control de estantería L-25650
Sublocalización o colección R.131424
Holdings
Estatus retirado Estado de pérdida Estado de daño No para préstamo Biblioteca de origen Biblioteca actual Ubicación en estantería Fecha de adquisición Fuente de adquisición Total de préstamos Signatura topográfica completa Código de barras Visto por última vez Precio de reemplazo Tipo de ítem Koha
        Biblioteca del Ateneo de Madrid Biblioteca del Ateneo de Madrid Depósito 2 17/01/2008     L-25650 1019662 23/02/2023 23/02/2023 Libro impreso